[Event "Olympiad Women 2024"]
[Site "Budapest HUN"]
[Date "2024.09.20"]
[Round "9.68"]
[Board "3"]
[White "Majid, Zara"]
[Black "Ntsielo, Bonolo"]
[Result "0-1"]
[WhiteElo "1411"]
[BlackElo "1757"]
[PlyCount "86"]
[EventDate "2024.09.11"]
[WhiteTeam "Cayman Islands"]
[BlackTeam "Lesotho"]
[WhiteTeamCountry "CAY"]
[BlackTeamCountry "LES"]

1. d4 Nf6 2. Bf4 g6 3. Nc3 d6 4. e4 Nbd7 ({RR} 4... Nc6 5. Qd2 Bg7 6. O-O-O h6 7. h3 a6 8. Nf3 Nd7 9. e5 dxe5 10. dxe5 e6 11. g4 Qe7 12. Bg2 Rb8 13. Rhe1 b5 14. g5 hxg5 15. Bxg5 Qb4 16. Kb1 O-O 17. Bh6 Nb6 18. a3 Qe7 19. Qf4 {1-0 Nabaty,T (2649)-Dvoirys,S (2534) ISR-ch Tiberias 2016 (3)}) 5. Qd2 h5 $146 ({RR} 5... c6 6. Be2 b5 7. a3 Qc7 8. h4 Bb7 9. h5 Bg7 10. h6 Bf8 11. Bf3 e5 12. Be3 Be7 13. d5 a6 14. dxc6 Bxc6 15. Nd5 Nxd5 16. exd5 Bb7 17. Ne2 Rc8 18. Nc3 Nf6 19. g4 O-O 20. g5 {½-½ Schnell,F (1771)-Kopischke,M (1883) 12th Int Senioren-Cup 2024 (2.68)}) ({RR} 5... c6 6. Nf3 Qa5 7. Bd3 Bg7 8. Bh6 Bxh6 9. Qxh6 Qh5 10. Qd2 e5 11. h3 exd4 12. Nxd4 Nc5 13. Be2 Qe5 14. f3 Qg3+ 15. Kf1 O-O 16. Bc4 Nh5 17. Nce2 Qe5 18. Rd1 Rd8 19. f4 Qe7 20. g4 {1-0 Algaba Traspuesto,J (1544)-Rodriguez Coarasa,C (1698) Madrid San Viator op-B 30th 2018 (8)}) ({RR} 5... c6 6. f3 e5 7. dxe5 dxe5 8. Be3 b5 9. O-O-O Bb4 10. Nge2 Qe7 11. Qe1 h6 12. Qf2 Nb6 13. Bxb6 axb6 14. Qxb6 Ra6 15. Qe3 Bc5 16. Qd2 b4 17. Nb1 Rxa2 18. Ng3 Bd4 19. c3 Qc5 20. Kc2 {0-1 Erenburg,S (2363)-Firman,N (2361) Wch U18 Oropesa del Mar 2000 (4)}) 6. e5 Ng8 7. O-O-O Nb6 8. Nf3 Bg7 9. g3 Bg4 10. Bg2 Qd7 11. h3 Bxf3 12. Bxf3 O-O-O 13. g4 dxe5 14. dxe5 Qxd2+ 15. Rxd2 Rxd2 16. Bxd2 Bxe5 17. Re1 f6 18. g5 Nc4 19. gxf6 exf6 20. Be4 Nxd2 21. Kxd2 Ne7 22. Bd3 g5 23. b3 c6 24. Ne4 Nd5 25. c4 Nf4 26. Nxg5 Rd8 27. Nf7 Rxd3+ 28. Kc2 Rxh3 29. Nxe5 fxe5 30. Rxe5 Rh2 31. Re8+ Kd7 32. Ra8 Rxf2+ 33. Kb1 a6 34. Rb8 Kc7 35. Rh8 Kb6 36. a4 Rh2 37. Rh7 Nd3 38. Ka1 Nc5 39. b4 Nxa4 40. c5+ Ka7 41. Re7 Nc3 42. Rxb7+ Kxb7 43. b5 Ra2# 0-1

[Event "Olympiad Women 2024"]
[Site "Budapest HUN"]
[Date "2024.09.20"]
[Round "9.68"]
[Board "4"]
[White "Thetsane, Nteboheleng"]
[Black "Patil, Anvita Niranjan"]
[Result "1-0"]
[WhiteElo "1645"]
[BlackElo "1589"]
[PlyCount "87"]
[EventDate "2024.09.11"]
[WhiteTeam "Lesotho"]
[BlackTeam "Cayman Islands"]
[WhiteTeamCountry "LES"]
[BlackTeamCountry "CAY"]

1. e4 e5 2. Nf3 Nc6 3. Bc4 Bc5 4. d3 d6 5. Bg5 Nf6 6. h3 Be6 7. Bb3 Qd7 8. c3 ({RR} 8. Bxf6 gxf6 9. a3 Bxb3 10. cxb3 Rg8 11. g3 f5 12. exf5 Qxf5 13. Nc3 O-O-O 14. Qe2 Nd4 15. Nh4 Qe6 16. Qh5 Nc2+ 17. Kd2 Nxa1 18. Rxa1 Bxf2 19. Ne4 Bb6 {0-1 Aloka,K-Aketayeva,D (2181) Asia-ch U26 (Women) 2003}) ({RR} 8. Nc3 Bb4 9. Qd2 Nd4 10. Bxf6 gxf6 11. a3 Nxf3+ 12. gxf3 Bxc3 13. Qxc3 Bxh3 14. Qc4 O-O 15. Rg1+ Kh8 16. O-O-O a6 17. Qc3 b5 18. f4 Bg4 19. Rde1 Bf3 20. Rg3 Bg4 21. Reg1 Bh5 22. fxe5 fxe5 {1-0 Arjane,A (1137)-Roosta,A IRI-ch U14 Chess.com INT 2021 (7)}) 8... Bb6 9. Bc2 $146 ({RR} 9. Nh4 h6 10. Bxf6 gxf6 11. Qf3 O-O-O 12. Qxf6 d5 13. exd5 Bxd5 14. Bxd5 Qxd5 15. Qf5+ Kb8 16. O-O Rhg8 17. Kh2 Rg5 18. Qe4 Qe6 19. Qc4 Qd6 20. Kh1 Rdg8 21. Nd2 Qd7 22. Kh2 f5 23. Ndf3 R5g7 {0-1 Motycakova,M (2166)-Hrdlicka,M (1545) SVK-chT3A2 1819 2018 (5.1)}) 9... O-O-O 10. d4 exd4 11. cxd4 Ba5+ 12. Nbd2 Bc4 13. a3 Bxd2+ 14. Qxd2 Qe6 15. O-O-O Qe7 16. Qc3 Be2 17. Rde1 Bxf3 18. e5 dxe5 19. dxe5 Nd4 20. exf6 Ne2+ 21. Rxe2 Qxe2 22. gxf3 g6 23. Bf4 Rd7 24. Bg3 Re8 25. f4 Rd6 26. Bd1 Qb5 27. Kb1 Rc6 28. Qd4 Qf5+ 29. Ka2 h5 30. Qxa7 Qd5+ 31. Bb3 Qxh1 32. Qa8+ Kd7 33. Qxb7 Qxh3 34. Qb5 h4 35. Bd5 Ree6 36. Bxc6+ Rxc6 37. Qd5+ Rd6 38. Qxf7+ Kc6 39. Qe8+ Kc5 40. f7 hxg3 41. f8=Q gxf2 42. Qe5+ Kc6 43. Qa8+ Kb6 44. Qea5# 1-0

[Event "Olympiad Women 2024"]
[Site "Budapest HUN"]
[Date "2024.09.20"]
[Round "9.69"]
[Board "1"]
[White "Gertrude Banini"]
[Black "Lima, Izidora Lourenco"]
[Result "1-0"]
[WhiteElo "1712"]
[BlackElo "1579"]
[PlyCount "91"]
[EventDate "2024.09.11"]
[WhiteTeam "Ghana"]
[BlackTeam "Sao Tome and Principe"]
[WhiteTeamCountry "GHA"]
[BlackTeamCountry "SAO"]

1. d4 d5 2. Bf4 c5 3. c3 Nc6 4. e3 Nf6 5. Nf3 Bg4 6. Nbd2 e6 7. Bd3 c4 ({RR} 7... Bd6 8. Bg3 O-O 9. Qb1 Bxf3 10. Nxf3 h6 11. dxc5 Bxc5 12. O-O Qe7 13. Rd1 e5 14. Bb5 e4 15. Nd4 Nxd4 16. cxd4 Bd6 17. Qc2 Bxg3 18. hxg3 Rac8 19. Qb3 Qe6 20. Be2 Rc7 21. Rac1 Rfc8 22. Rxc7 {1-0 Nguyen,N (2641)-Fedorovsky,M (2392) Titled Tuesday intern op 04th Jan blitz 2022 (1)}) ({RR} 7... Be7 8. O-O O-O 9. h3 Bh5 10. Re1 Qb6 11. Rb1 Rac8 12. a3 a5 13. Qa4 c4 14. g4 cxd3 15. gxh5 Nxh5 16. Bh2 f5 17. c4 Nf6 18. b4 axb4 19. axb4 Ne4 20. c5 Qd8 21. Qb3 Rf6 22. Qxd3 {0-1 Sieciechowicz,M (2397)-Smirnov,A (2586) Titled Tue 9th Jan Late 2024 (6)}) 8. Bc2 b5 9. a3 Bd6 $146 ({RR} 9... a5 10. h3 Bh5 11. g4 Bg6 12. Ne5 Nxe5 13. Bxe5 Ne4 14. Nxe4 Bxe4 15. f3 Bxc2 16. Qxc2 f6 17. Bg3 b4 18. axb4 axb4 19. Rxa8 Qxa8 20. O-O Be7 21. e4 O-O 22. exd5 exd5 23. Re1 Re8 24. Qe2 {½-½ Skopp,J (1594)-Serrer,D (1631) GER-ch Net Amateur Gr-C Vor2 blitz 2020 (3)}) ({RR} 9... a6 10. h3 Bh5 11. O-O Be7 12. Re1 O-O 13. e4 dxe4 14. Nxe4 Bg6 15. Nxf6+ Bxf6 16. Bxg6 hxg6 17. Qe2 Re8 18. Be5 Bxe5 19. Nxe5 Nxe5 20. Qxe5 Qd5 21. Qxd5 exd5 22. f3 f6 23. Kf2 Kf7 24. g4 {½-½ Vila Castillo,J (1001)-Pau Ferrer,Q ESP-ch U10 Rapid 2022 (9)}) 10. Bg3 O-O 11. e4 Bxg3 12. hxg3 e5 13. exd5 Qxd5 14. Qb1 g6 15. dxe5 Nxe5 16. Ne4 Nxf3+ 17. gxf3 Nxe4 18. Bxe4 Qe5 19. O-O Rae8 20. Re1 Bf5 21. Bxf5 Qxf5 22. Qxf5 gxf5 23. f4 Kg7 24. Rxe8 Rxe8 25. Kf1 Kf6 26. Rd1 a6 27. Rd6+ Re6 28. Rxe6+ fxe6 29. Ke2 e5 30. Ke3 h5 31. Kf3 Ke6 32. Ke3 Kd5 33. fxe5 Kxe5 34. f3 f4+ 35. Kf2 a5 36. g4 hxg4 37. fxg4 Ke4 38. Ke2 a4 39. Kf2 f3 40. g5 Kf5 41. Kxf3 Kxg5 42. Ke4 Kg4 43. Kd4 Kf3 44. Kc5 Ke3 45. Kxb5 Kd3 46. Kb4 1-0

[Event "Olympiad Women 2024"]
[Site "Budapest HUN"]
[Date "2024.09.20"]
[Round "9.70"]
[Board "1"]
[White "Magno, Angelica"]
[Black "Ollet, Myra"]
[Result "0-1"]
[WhiteElo "1544"]
[BlackElo "1658"]
[PlyCount "52"]
[EventDate "2024.09.11"]
[WhiteTeam "Palau"]
[BlackTeam "Guam"]
[WhiteTeamCountry "PAL"]
[BlackTeamCountry "GMA"]

1. d4 Nf6 2. c4 d6 3. Nf3 Nbd7 4. Nc3 e5 5. Bg5 Be7 6. e3 h6 7. Bh4 c6 8. Be2 O-O 9. O-O Re8 10. Qc2 Qc7 11. Bg3 $146 ({RR} 11. Rfc1 Nf8 12. c5 dxc5 13. dxe5 N6h7 14. Bg3 Be6 15. Nd2 Red8 16. f4 b5 17. Rf1 c4 18. a4 Bc5 19. Bf2 a6 20. Nce4 Be7 21. g4 Nd7 22. Ng3 Nc5 23. axb5 cxb5 24. Bf3 Bd5 25. Nf5 Bf8 {1-0 Wallinger,M-Werner,D (2340) Bundesliga 9091 1990 [5]}) ({RR} 11. h3 Nf8 12. Bg3 Bd8 13. Rad1 exd4 14. exd4 Qd7 15. Rfe1 Bc7 16. d5 c5 17. Bd3 Ba5 18. Rxe8 Nxe8 19. Ne4 f5 20. Nc3 Ng6 21. Qe2 Bxc3 22. bxc3 Nf6 23. Nh4 Ne7 24. Re1 Kf8 25. Qf3 g5 {1-0 Badelka,O (2388)-Cyfka,K (2419) Wch Blitz (Women) 2017 (6)}) ({RR} 11. Rad1 b6 12. Kh1 Bb7 13. c5 dxc5 14. dxe5 Nxe5 15. Bg3 Bd6 16. Nh4 Rad8 17. Nf5 Bf8 18. Bh4 Rxd1 19. Bxd1 Ba6 20. Be2 Bxe2 21. Qxe2 Ned7 22. Bg3 Ne5 23. Rd1 Qc8 24. Nd6 Bxd6 25. Rxd6 Re6 {0-1 David,A (2428)-Movsesian,S (2649) Titled Tuesday intern op 28th Apr blitz 2020 (7)}) 11... Nf8 12. dxe5 dxe5 13. Bxe5 Bd6 14. Bxd6 Qxd6 15. Rfd1 Qc7 16. g3 Bh3 17. Bf1 Qc8 18. Rd4 Ng6 19. Ne4 Bxf1 20. Rxf1 Nxe4 21. Rxe4 Rd8 22. Rd1 c5 23. Rxd8+ Qxd8 24. g4 Qf6 25. Ne1 Rd8 26. Nd3 Qf3 0-1

[Event "Olympiad Women 2024"]
[Site "Budapest HUN"]
[Date "2024.09.20"]
[Round "9.70"]
[Board "2"]
[White "Estur, Grace Co"]
[Black "Sisior, Angelil"]
[Result "0-1"]
[WhiteElo "1586"]
[BlackElo "1691"]
[PlyCount "82"]
[EventDate "2024.09.11"]
[WhiteTeam "Guam"]
[BlackTeam "Palau"]
[WhiteTeamCountry "GMA"]
[BlackTeamCountry "PAL"]

1. d4 e6 2. Nf3 Nf6 3. Nc3 d5 4. Bg5 Be7 5. g3 Nbd7 ({RR} 5... O-O 6. Bg2 h6 7. Bxf6 Bxf6 8. O-O Nd7 9. e4 dxe4 10. Nxe4 Be7 11. Ne5 Nf6 12. f4 c6 13. c3 Qb6 14. Qb3 Rd8 15. Nc4 Qc7 16. Rad1 b6 17. Nxf6+ Bxf6 18. Ne5 Bb7 19. f5 exf5 20. Rxf5 {1-0 Kaganskiy,G (2226)-Pultinevicius,P (2501) Titled Arena Apr 3rd blitz 2021}) 6. Bg2 O-O 7. Bxf6 Nxf6 8. Qd3 $146 ({RR} 8. O-O b6 9. Ne5 Bb7 10. e3 c5 11. Ne2 Qc7 12. c3 Rad8 13. Rc1 Nd7 14. Nxd7 Rxd7 15. Qc2 Rfd8 16. e4 e5 17. exd5 Bxd5 18. Bxd5 Rxd5 19. c4 R5d6 20. d5 Qd7 21. Nc3 Qh3 22. f3 Rg6 {½-½ Vuljar,P (1180)-Blazeka,M (1920) CRO-chT U20 25th 2016 (8.1)}) 8... c6 9. O-O-O b5 10. a3 a5 11. Ne5 Qc7 12. Kd2 Ba6 13. Qe3 b4 14. axb4 axb4 15. Nb1 h6 16. Ke1 c5 17. f4 cxd4 18. Qb3 Rab8 19. h3 Nd7 20. Nxd7 Qxd7 21. Rf1 Bc4 22. Qf3 b3 23. cxb3 Rxb3 24. Qg4 Bb4+ 25. Kf2 Rxb2 26. Bf3 Qa7 27. Kg2 d3 28. Rf2 Qe3 29. Rdf1 dxe2 30. Bxe2 Bxe2 31. Rxe2 Rxe2+ 32. Kh1 Qe4+ 33. Qf3 Qxf3+ 34. Rxf3 Re1+ 35. Kg2 Rxb1 36. f5 Rb2+ 37. Kh1 Rc8 38. Rf1 exf5 39. Kg1 Rcc2 40. Rf3 Bc5+ 41. Kf1 Rc1# 0-1

[Event "Olympiad Women 2024"]
[Site "Budapest HUN"]
[Date "2024.09.20"]
[Round "9.70"]
[Board "3"]
[White "Gemota, Joan"]
[Black "Benzon, Tiffany"]
[Result "0-1"]
[WhiteElo "1567"]
[BlackElo "1610"]
[PlyCount "56"]
[EventDate "2024.09.11"]
[WhiteTeam "Palau"]
[BlackTeam "Guam"]
[WhiteTeamCountry "PAL"]
[BlackTeamCountry "GMA"]

1. e3 e5 2. Bc4 d5 3. Bb3 ({RR} 3. Be2 Nf6 4. d4 Nbd7 5. h3 Bd6 6. a3 O-O 7. dxe5 Nxe5 8. Nf3 c5 9. Nc3 Bc7 10. b3 Ba5 11. Bb2 Nxf3+ 12. Bxf3 d4 13. Qd2 dxc3 14. Bxc3 Qxd2+ 15. Bxd2 Bxd2+ 16. Kxd2 Rb8 17. c4 Bf5 {0-1 Fahmida,A (1046)-Nasir,U (1838) Dhaka Marcel op 2022 (4)}) 3... Nf6 4. d3 ({RR} 4. d4 e4 5. Ba4+ c6 6. f3 a5 7. fxe4 Nxe4 8. Nc3 Nxc3 9. bxc3 b5 10. Bb3 a4 11. Bxd5 cxd5 12. Rb1 Bd6 13. Rxb5 Ba6 14. Rxd5 Bb7 15. Rg5 Qxg5 16. e4 Qh4+ 17. g3 Qxe4+ 18. Qe2 O-O {0-1 Hajlyev,H-Amin,B (2561) Abu Dhabi op 18th rapid 2008 (1)}) 4... a5 $146 ({RR} 4... Bd6 5. Ne2 O-O 6. c4 c6 7. O-O Qc7 8. f4 Nbd7 9. h3 b5 10. cxb5 cxb5 11. Nbc3 Qc6 12. d4 exf4 13. Nxf4 Nb6 14. Qf3 Bxf4 15. Qxf4 Nc4 16. a4 b4 17. Nd1 Ne4 18. Nf2 Ned2 19. Bxd2 {0-1 Canale,C (1476)-Gussone,C (1809) Turin Piemonte op 9th 2009 (2)}) 5. Nf3 a4 6. Bxd5 Qxd5 7. Nc3 Bb4 8. Bd2 Bxc3 9. Bxc3 Bg4 10. h3 Bxf3 11. gxf3 Nc6 12. e4 Qe6 13. Qd2 Nh5 14. O-O-O Qxa2 15. Qg5 Nf4 16. Kd2 Qe6 17. Qxg7 O-O-O 18. Kc1 Rdg8 19. Qxh8 Rxh8 20. Kb1 Nxh3 21. Rd2 b5 22. d4 exd4 23. Bxd4 Nxd4 24. Rxd4 Nxf2 25. Rf1 Rg8 26. Rd2 Nh3 27. Rc1 Rg1 28. Rxg1 Nxg1 0-1

[Event "Olympiad Women 2024"]
[Site "Budapest HUN"]
[Date "2024.09.20"]
[Round "9.70"]
[Board "4"]
[White "Nacario, Ruth"]
[Black "Parrado, Angelica"]
[Result "1-0"]
[WhiteElo "1607"]
[BlackElo "1741"]
[PlyCount "101"]
[EventDate "2024.09.11"]
[WhiteTeam "Guam"]
[BlackTeam "Palau"]
[WhiteTeamCountry "GMA"]
[BlackTeamCountry "PAL"]

1. d4 Nf6 2. c4 e6 3. Nc3 Bb4 4. Bg5 O-O 5. e3 h6 6. Bh4 b6 7. Nf3 Bb7 8. a3 ({RR} 8. Qb3 Be7 9. Be2 d5 10. cxd5 Nxd5 11. Bxe7 Qxe7 12. Rc1 Nd7 13. O-O c5 14. Nxd5 Bxd5 15. Qa3 Rfc8 16. Rc3 e5 17. dxc5 Nxc5 18. Rfc1 a5 19. b3 Rd8 20. Rd1 Bxf3 21. Bxf3 e4 22. Be2 Rxd1+ {0-1 Disconzi da Silva,R (2365)-Vescovi,G (2511) BRA-ch Brasilia 2000 (8)}) 8... Bxc3+ ({RR} 8... Be7 9. Bg3 d6 10. d5 exd5 11. cxd5 Nbd7 12. Be2 Re8 13. O-O a6 14. Rc1 Rc8 15. b4 b5 16. Re1 Nb6 17. e4 Nh5 18. Bf1 Nxg3 19. hxg3 Bf6 20. Qd2 c6 21. dxc6 Bxc6 22. Red1 Bxc3 23. Rxc3 {0-1 Zottis,P (1418)-Cunha,A (2003) 10th Floripa Open 2024 (1.102)}) 9. bxc3 Qe7 $146 ({RR} 9... Nc6 10. Bd3 Qe7 11. O-O e5 12. e4 Rfe8 13. d5 Na5 14. Nd2 Qd6 15. f3 Nh5 16. Nb3 Nxb3 17. Qxb3 Qg6 18. Rfb1 Nf4 19. Bf1 a6 20. c5 b5 21. c4 c6 22. d6 Nh3+ 23. Kh1 Nf4 24. Bg3 {1-0 Kroder,J (1288)-Schoebel Kroehn,L (1036) Hessen-ch U14 2005 (4)}) ({RR} 9... c5 10. Bd3 d6 11. O-O Nc6 12. Nd2 g5 13. Bg3 Ne7 14. f4 g4 15. e4 h5 16. Bh4 Nh7 17. h3 f5 18. exf5 exf5 19. Qe2 Nf6 20. hxg4 hxg4 21. Bxf5 Nxf5 22. Qe6+ Rf7 23. Qxf5 Qf8 24. Bxf6 {1-0 Mazzoni,G-Saint Bonnet,G FRA-ch42 Dieppe 1967 (3)}) ({RR} 9... d6 10. Be2 Nbd7 11. O-O Qe7 12. Nd2 e5 13. Bf3 e4 14. Be2 Rae8 15. Re1 g5 16. Bg3 Nh7 17. f4 f5 18. h3 Nhf6 19. Kh2 Kh7 20. Rg1 Rg8 21. Qa4 gxf4 22. Bxf4 a6 23. Qd1 Ng4+ 24. Bxg4 {0-1 Schumacher,J-Haik,A Schilde op U18 6th 1970 (5)}) 10. Be2 g5 11. Bg3 d6 12. h3 Ne4 13. Qc2 Nxg3 14. fxg3 Nd7 15. e4 c5 16. Bd3 Rad8 17. O-O Nf6 18. Rae1 Nh5 19. Qf2 Ng7 20. g4 f6 21. d5 e5 22. h4 h5 23. Nh2 Bc8 24. Be2 hxg4 25. Nxg4 f5 26. Nh6+ Kh7 27. Nxf5 Nxf5 28. exf5 Bxf5 29. h5 Kh6 30. Qe3 Rde8 31. g4 Bh7 32. Qg3 Qg7 33. Bd1 Qd7 34. Re2 Rxf1+ 35. Kxf1 Rf8+ 36. Ke1 Rf4 37. Rf2 Qe7 38. Be2 Qe8 39. Bf1 Qa4 40. Bd3 Bg8 41. Rxf4 exf4 42. Qf3 Qe8+ 43. Kf1 Qe5 44. Bc2 Bf7 45. Qd3 Qg7 46. Qf5 Bg8 47. Kf2 Qf7 48. Qc8 Qg7 49. Qd8 Qe5 50. Qf8+ Qg7 51. Qxd6+ 1-0

[Event "Olympiad Women 2024"]
[Site "Budapest HUN"]
[Date "2024.09.20"]
[Round "9.76"]
[Board "1"]
[White "Kovacova, Zuzana"]
[Black "Lazzarini, Giulia"]
[Result "1-0"]
[WhiteElo "2020"]
[BlackElo "1520"]
[PlyCount "63"]
[EventDate "2024.09.11"]
[WhiteTeam "Bermuda"]
[BlackTeam "San Marino"]
[WhiteTeamCountry "BER"]
[BlackTeamCountry "SMR"]

1. e4 e5 2. Nf3 Nc6 3. Bb5 a6 4. Ba4 Nf6 5. O-O Be7 6. Qe2 b5 7. Bb3 O-O 8. c3 Re8 9. Rd1 Bf8 10. d3 d6 11. Nbd2 Na5 12. Bc2 c5 13. Nf1 Nc6 14. Ng3 h6 15. h3 Bb7 16. Nf5 Ne7 $146 ({RR} 16... d5 17. Nh2 Qc7 18. Ng4 Re6 19. a4 Rd8 20. axb5 axb5 21. exd5 Nxd5 22. Qe4 Rg6 23. Nge3 Nf4 24. Ng4 h5 25. Bxf4 exf4 26. Nh2 Nd4 27. Qe1 Rxg2+ 28. Kf1 Nxc2 {0-1 Szente Varga,F (2100)-Manukyan,A (2148) Titled Tuesday intern op 03rd Nov blitz 2020 (1)}) 17. N3h4 g5 18. Nxe7+ Qxe7 19. Nf5 Qe6 20. h4 Nh7 21. Bb3 Qf6 22. Qh5 Rad8 23. Ne3 Bc8 24. Nd5 Qg7 25. a4 Be6 26. hxg5 hxg5 27. axb5 axb5 28. g3 f5 29. exf5 Bf7 30. Qg4 Nf6 31. Nxf6+ Qxf6 32. Bxg5 1-0

[Event "Olympiad Women 2024"]
[Site "Budapest HUN"]
[Date "2024.09.20"]
[Round "9.77"]
[Board "3"]
[White "Henry, Zahidu"]
[Black "Hussin, Fazreena"]
[Result "1-0"]
[WhiteElo "1450"]
[BlackElo "1700"]
[PlyCount "113"]
[EventDate "2024.09.11"]
[WhiteTeam "Dominica"]
[BlackTeam "Brunei Darussalam"]

1. Nf3 d6 2. g3 Nf6 3. Bg2 c6 4. O-O Nbd7 5. d4 d5 $146 ({RR} 5... e5 6. dxe5 dxe5 7. b3 Qc7 8. Bb2 Bc5 9. Nbd2 O-O 10. e4 Re8 11. Qe2 a5 12. Ne1 b6 13. Nd3 Ba6 14. Nc4 Bd4 15. c3 Bxc4 16. cxd4 Ba6 17. Rfc1 exd4 18. f4 Nc5 19. Rxc5 bxc5 20. Rc1 {0-1 Pirc,V-Jongsma,A Detmold 1967 (1)}) ({RR} 5... e5 6. e4 Be7 7. Nh4 O-O 8. Nf5 Re8 9. dxe5 Nxe5 10. Nxe7+ Qxe7 11. Nc3 Bg4 12. f3 Be6 13. f4 Ned7 14. Be3 Bf5 15. Re1 Nxe4 16. Nxe4 Bxe4 17. Bxa7 d5 18. Bd4 f5 19. c3 c5 20. Bf2 {½-½ Doroshkievich,V (2385)-Kuporosov,V (2500) RUS-Cup7 Kstovo 1997 (2)}) ({RR} 5... e5 6. dxe5 Nxe5 7. Nbd2 Be7 8. Nxe5 dxe5 9. Nf3 Qc7 10. c3 O-O 11. Bg5 h6 12. Bxf6 Bxf6 13. Qc2 Bg4 14. e3 Rae8 15. Nd2 g6 16. Qa4 Be2 17. Rfe1 Bb5 18. Qc2 Rd8 19. Rad1 Bd3 20. Qb3 {½-½ Friedrichsen,H (1412)-Butkereit,H (1662) Schleswig Holstein-ch Seniors 2015 (2)}) ({RR} 5... e5 6. dxe5 dxe5 7. Nc3 Be7 8. h3 O-O 9. e4 Qc7 10. Be3 {½-½ Doda,Z (2320)-Paehtz,T Poznan 1983 (11)}) ({RR} 5... e5 6. dxe5 dxe5 7. b3 Qc7 8. Bb2 Bc5 9. e3 O-O 10. Nc3 Re8 11. Na4 Bf8 12. c4 a6 13. Qc2 b6 14. a3 Bb7 15. e4 a5 16. Rfd1 Nc5 17. Nxc5 Bxc5 18. Rd2 Bf8 19. Rad1 c5 20. Nh4 {½-½ Lamas Baliero,P-Bademian Orchanian,J (2200) URU-ch Uruguay 1987}) 6. Nbd2 e6 7. c4 dxc4 8. Nxc4 Be7 9. Nfe5 Nd5 10. e4 N5b6 11. Ne3 Nxe5 12. dxe5 Nd7 13. Ng4 h5 14. Ne3 Nxe5 15. Qxd8+ Bxd8 16. Rd1 Nd7 17. b3 e5 18. Bb2 O-O 19. Nf5 Bf6 20. Nd6 Nc5 21. Nxc8 Raxc8 22. Rac1 Ne6 23. h4 g5 24. hxg5 Bxg5 25. Rc2 f6 26. Bh3 Rfe8 27. Rd6 Nd4 28. Bxc8 Nxc2 29. Bxb7 c5 30. Rd7 Kh8 31. Bc3 Rb8 32. Kg2 Nb4 33. a3 Nc2 34. Bb2 Nd4 35. b4 cxb4 36. axb4 Nb3 37. Ba3 Bc1 38. Bxc1 Nxc1 39. Kh3 Nb3 40. Kh4 a5 41. bxa5 Nc5 42. Rf7 Nxb7 43. a6 Nd6 44. Rxf6 Nxe4 45. Rf7 Nd6 46. Rd7 Nc8 47. Kxh5 Ra8 48. Kg6 Na7 49. Kf5 Nc6 50. Kg6 Rxa6 51. Kf5 Ra8 52. Rc7 Rf8+ 53. Kg6 Rg8+ 54. Kh6 Rf8 55. Rxc6 Kg8 56. Kg6 Kh8 57. Re6 1-0

[Event "Olympiad Women 2024"]
[Site "Budapest HUN"]
[Date "2024.09.21"]
[Round "10.1"]
[Board "1"]
[White "Dzagnidze, Nana"]
[Black "Assaubayeva, Bibisara"]
[Result "1/2-1/2"]
[WhiteElo "2508"]
[BlackElo "2482"]
[PlyCount "99"]
[EventDate "2024.09.11"]
[WhiteTeam "Georgia"]
[BlackTeam "Kazakhstan"]
[WhiteTeamCountry "GEO"]
[BlackTeamCountry "KAZ"]

1. d4 Nf6 2. c4 g6 3. Nc3 Bg7 4. e4 d6 5. h3 Nbd7 6. Be3 e5 7. d5 h5 8. Nf3 Bh6 9. Bxh6 Rxh6 10. Qd2 Rh8 11. O-O-O Kf8 $146 ({RR} 11... Nc5 12. Qe3 a5 13. Ng5 Kf8 14. Be2 Kg7 15. f4 exf4 16. Qxf4 Re8 17. Rdf1 Ncd7 18. g4 h4 19. Nxf7 Kxf7 20. g5 Kg7 21. Qxh4 Nh5 22. Bxh5 gxh5 23. Qxh5 Ne5 24. Qh6+ Kg8 25. g6 Qe7 26. Rf7 {1-0 Sarrau,J (2366)-Garrido,D (2230) Titled Tue 4th Jun Early 2024 (3)}) 12. Qe3 Kg7 13. Be2 a6 14. g3 Qe7 15. Nd2 Re8 16. f4 b5 17. cxb5 Nc5 18. fxe5 Qxe5 19. Nc4 Qe7 20. e5 Nfd7 21. e6 fxe6 22. dxe6 Qxe6 23. Qd4+ Qf6 24. Bf3 Qxd4 25. Rxd4 Ra7 26. Bc6 Bb7 27. Bxb7 Rxb7 28. bxa6 Nxa6 29. Rf1 Ndc5 30. Kb1 Ne6 31. Rd2 Ng5 32. Rdf2 Rb4 33. b3 Ne4 34. Nxe4 Rxe4 35. Kc2 Re7 36. a3 Rb8 37. b4 d5 38. Na5 Rb6 39. Nb3 c5 40. bxc5 Nxc5 41. Nxc5 Rc6 42. Kd3 Rxc5 43. Rb1 Ra5 44. Rb3 Rea7 45. Ra2 Ra4 46. Ke2 Kf6 47. Kf2 R7a6 48. Rd2 Rxa3 49. Rxa3 Rxa3 50. Rxd5 1/2-1/2

[Event "Olympiad Women 2024"]
[Site "Budapest HUN"]
[Date "2024.09.21"]
[Round "10.1"]
[Board "2"]
[White "Kamalidenova, Meruert"]
[Black "Javakhishvili, Lela"]
[Result "1/2-1/2"]
[WhiteElo "2352"]
[BlackElo "2446"]
[PlyCount "80"]
[EventDate "2024.09.11"]
[WhiteTeam "Kazakhstan"]
[BlackTeam "Georgia"]
[WhiteTeamCountry "KAZ"]
[BlackTeamCountry "GEO"]

1. e4 e5 2. Nf3 Nc6 3. d4 exd4 4. Bc4 Nf6 5. e5 d5 6. Bb5 Nd7 7. O-O Be7 8. Bxc6 bxc6 9. Nxd4 Nb8 10. Qf3 c5 11. Nb5 O-O 12. c4 c6 ({RR} 12... Ba6 13. a4 Nc6 14. cxd5 Nxe5 15. Qe4 Bd6 16. N1c3 f5 17. Qf4 Ng6 18. Qf3 Qh4 19. Nxd6 Bxf1 20. Nxf5 Bxg2 21. Nxh4 Bxf3 22. Nxf3 Rxf3 23. Be3 Nf4 24. Rd1 a6 25. Ne4 Rd8 26. d6 cxd6 27. Nd2 {0-1 Pap,M (2396)-Azarya,J (2370) Budapest 1 Week Aug GMA 2024 (7.2)}) 13. cxd5 cxd5 14. N1c3 Bb7 15. Rd1 $146 ({RR} 15. Bf4 Qd7 16. Nd6 Bxd6 17. exd6 d4 18. Nd5 Re8 19. Rfe1 Na6 20. Be5 Bxd5 21. Qxd5 Nb4 22. Qb3 Qe6 23. Qxe6 Rxe6 24. Bg3 Rd8 25. Rxe6 fxe6 26. Rc1 Nd3 27. Rc4 Nxb2 28. Rxc5 d3 29. Bf4 Rxd6 {0-1 Vandenbussche,T (2422)-Zelbel,P (2439) BEL-chT 1920 2019 (6.1)}) 15... Qb6 16. Rxd5 Nc6 17. Qg4 Nd4 18. Nd6 Rfd8 19. Bh6 Bf8 20. Re1 Qxb2 21. Rxc5 Ne6 22. Bc1 Qb6 23. Rb5 Qc6 24. Nxb7 Qxc3 25. Qe4 Rd4 26. Bb2 Rxe4 27. Bxc3 Rc4 28. Rb3 Rb8 29. Bb2 Ra4 30. Nd6 Rd8 31. Ba3 f6 32. f4 Rxf4 33. Nb7 Rb8 34. Bxf8 Rxf8 35. g3 Rd4 36. exf6 Rxf6 37. Rbe3 Rd7 38. Rxe6 Rxe6 39. Rxe6 Rxb7 40. Ra6 Rf7 1/2-1/2

[Event "Olympiad Women 2024"]
[Site "Budapest HUN"]
[Date "2024.09.21"]
[Round "10.1"]
[Board "3"]
[White "Batsiashvili, Nino"]
[Black "Balabayeva, Xeniya"]
[Result "1/2-1/2"]
[WhiteElo "2461"]
[BlackElo "2335"]
[PlyCount "89"]
[EventDate "2024.09.11"]
[WhiteTeam "Georgia"]
[BlackTeam "Kazakhstan"]
[WhiteTeamCountry "GEO"]
[BlackTeamCountry "KAZ"]

1. d4 d5 2. c4 e6 3. Nc3 Nf6 4. cxd5 exd5 5. Bg5 c6 6. e3 h6 7. Bh4 Be7 8. Bd3 O-O 9. h3 Re8 10. Bg3 Bd6 11. Nge2 a5 ({RR} 11... Bxg3 12. Nxg3 Nbd7 13. O-O a5 14. Nf5 Nf8 15. Rc1 Ng6 16. Ng3 Nh4 17. Na4 Rb8 18. a3 Qd6 19. Re1 b6 20. e4 dxe4 21. Nxe4 Nxe4 22. Rxe4 Rxe4 23. Bxe4 Bd7 24. Qc2 Qf4 25. g3 Qg5 26. Kh2 {0-1 Miranda Llanes,Y (2294)-Nurman,A (2324) Olympiad Women 2024 (6.10)}) 12. O-O Na6 13. a3 Bxg3 $146 ({RR} 13... Nc7 14. Qc2 Ne6 15. Rab1 Ng5 16. Kh1 Bf8 17. Bh4 Be7 18. f3 Bd7 19. Rbd1 Rc8 20. Ng3 c5 21. dxc5 Bxc5 22. f4 Bxe3 23. Nf5 Bxf5 24. Bxf5 Ne6 25. Bxf6 Qxf6 26. Nxd5 Qh4 27. Qb3 Nd4 28. Rxd4 {½-½ Warmerdam,M (2607)-Parligras,M (2557) Romania GP Brasov 2023 (9.1)}) 14. Nxg3 Qd6 15. Qd2 b5 16. Nce2 Nc7 17. Rac1 h5 18. f3 h4 19. Nh1 Bd7 20. Nf2 Ne6 21. Bb1 c5 22. dxc5 Nxc5 23. Nd4 a4 24. Rc3 Ne6 25. Nf5 Qb6 26. Ng4 Nxg4 27. fxg4 Ng5 28. Kh1 Bxf5 29. gxf5 Rad8 30. f6 gxf6 31. Qf2 d4 32. exd4 Qxd4 33. Qxd4 Rxd4 34. Rd3 Red8 35. Rfd1 Rxd3 36. Bxd3 Ne6 37. Kg1 Rb8 38. Bf5 b4 39. Bxe6 fxe6 40. Rd4 bxa3 41. bxa3 Rb1+ 42. Kf2 Rb2+ 43. Kf1 Ra2 44. Rxa4 Kf7 45. Rxh4 1/2-1/2